Bodas de sangre: Tragedia en tres actos y siete cuadros (1933). Yerma: Poema trágico en tres actos y seis cuadros (1934)

שמור ב:
מידע ביבליוגרפי
מחבר ראשי: García Lorca, Federico
פורמט: ספר
שפה:Undetermined
יצא לאור: Madrid, España Espasa Calpe 1976
מהדורה:4
נושאים:
תגים: הוספת תג
אין תגיות, היה/י הראשונ/ה לתייג את הרשומה!

MARC

LEADER 00000nam a2200000Ia 4500
008 170316s9999 xx 000 0 und d
040 |a cru BVZT 
090 |a 862 G-13by 
100 |a García Lorca, Federico 
245 |a Bodas de sangre: Tragedia en tres actos y siete cuadros (1933). Yerma: Poema trágico en tres actos y seis cuadros (1934) 
250 |a 4 
260 |a Madrid, España 
260 |b Espasa Calpe 
260 |c 1976 
300 |a 231 páginas 
650 |a LITERATURA ESPAÑOLA 
650 |a TEATRO 
650 |a BODAS DE SANGRE - TRAGEDIA 
650 |a YERMA - POEMA 
999 |c 9873  |d 9873 
942 |c 15 D  |h 862 G-13by  |2 z